000
00202nam a22000857a 4500
999
_c
17678
_d
17678
008
190517b xxu||||| |||| 00| 0 eng d
245
_a
Company Law
300
_a
1 vol.(various chapters)
942
_2
lcc
_c
RES